000 01438 a2200277 4500
003 Nust
005 20170207154021.0
010 _a 2005048622
020 _a0471720704 (cloth : acid-free paper)
020 _a9780471720706 (cloth : acid-free paper)
040 _cNust
082 0 0 _a518.64
100 1 _aSolin, Pavel.
245 1 0 _aPartial differential equations and the finite element method -(E-BOOK)
_cPavel Solin
260 _aHoboken, N.J. :
_bWiley-Interscience,
_cc2006.
300 _axxvii, 472 p. :
_bill. ;
_c25 cm.
490 1 _aPure and applied mathematics
505 _aPartial Differential Equations (page-1), Continuous Elements for 1 D Problems (page-45), General Concept of Nodal Elements (page-103), Continuous Elements for 2D Problems (page-125), Transient Problems and ODE Solvers (page-167),Beam and Plate Bending Problems (page-209), Equations of Electrornagnetics (page-269).
650 0 _aDifferential equations, Partial
_xNumerical solutions.
650 0 _aFinite element method.
651 _aE-BOOK
830 0 _aPure and applied mathematics (John Wiley & Sons : Unnumbered)
856 4 2 _3Contributor biographical information
_uhttp://www.loc.gov/catdir/enhancements/fy0653/2005048622-b.html
856 4 2 _3Publisher description
_uhttp://www.loc.gov/catdir/enhancements/fy0625/2005048622-d.html
856 4 2 _3Table of contents only
_uhttp://www.loc.gov/catdir/enhancements/fy0625/2005048622-t.html
942 _2ddc
_cBK
999 _c191702
_d191702